000 01144nam a2200217Ia 4500
999 _c36614
_d36614
001 2534
003 GE_BSU
005 20230901152902.0
008 181216s2006||||ge |||||||||||||| ||geo||
040 _cGE_BSU
041 _ageo
080 _a811.111(038)+811.353.1(038) ი–54
245 _aინგლისურ-ქართული ლექსიკონი = English-Georgian dictionary. რვეული 11 :
_bM /
_c[სარედ. კოლ.: თინათინ მარგალიტაძე (მთ. რედ.) და სხვ. ; შემდგ.: მ. კურტანიძე, გ. ანთელავა, ს. ბოლქვაძე და სხვ.].
264 _aთბილისი,
_c2003.
300 _a150გვ.;
_b28 სმ.
653 _aინგლისურ–ქართული ლექსიკონი
700 _aმარგალიტაძე, თინათინ
_eრედაქტორი
_96114
700 _aკურტანიძე, მ.
_eშემდგენელი
_919745
710 _aთბილისის უნ-ტი
_919751
942 _cBK
_2udc